000 00336 a2200157 4500
001 153272
040 _cEscola São Tomás de Aquino
100 _aCAMPOS, Flávio
240 1 0 _aAnos rebeldes
_lpor
245 1 0 _aAnos rebeldes
300 _a206
362 0 _a2005
440 1 _aGlobo
697 _a*LITERATURA JUVENIL
942 _cBK
999 _c153272
_d153272